00283nam a2200097Ia 4500008004100000100001800041245008000059260003000139300000800169650000800177191201s2003 xx 000 0 und d aSTRAND, Ray D 0aWhat Your Doctor Doesn't Know About Nutritional Medicine May Be Killing You aN. DelhibMagna Pubc2003 a229 aMBA